000 00307nam a22001337a 4500
008 181022b xxu||||| |||| 00| 0 eng d
020 _a0135217253
041 _aeng
080 _26th
_a331.101.262
100 _a52
101 _aBNJ
245 _aBehavior in Organizations
_cGreenberg,J
942 _2udc
_cBK
999 _c50382
_d50382